[Event "Ambelokipi op 135th"]
[Site "Athens"]
[Date "2013.06.22"]
[Round "6"]
[White "Doudaniotis, Dimitrios"]
[Black "Korres, Konstantinos"]
[Result "1-0"]
[WhiteElo "1834"]
[BlackElo "1561"]
[PlyCount "89"]
[EventDate "2013.05.18"]
[EventType "swiss"]
[EventRounds "7"]
[EventCountry "GRE"]
[SourceTitle "EXT 2024"]
[Source "ChessBase"]
[SourceDate "2023.10.10"]
[SourceVersion "1"]
[SourceVersionDate "2023.10.10"]
[SourceQuality "1"]

1. Nf3 d5 2. d4 Nf6 3. b3 Bg4 4. Nbd2 e6 5. Bb2 Be7 6. e3 0-0 7. Be2 Nbd7 8. 0-0 c5 9. c4 Rc8 10. Ne5 Bxe2 11. Qxe2 Nxe5 12. dxe5 Nd7 13. cxd5 exd5 14. f4 Qb6 15. Qf3 c4 16. Bd4 Qb4 17. Qxd5 Qxd2 18. Qxd7 Bc5 19. Rfd1 Qb4 20. e6 cxb3 21. exf7+ Kh8 22. axb3 Qxb3 23. Bxc5 Rxc5 24. Qe7 Rcc8 25. Rd7 Qb2 26. Rad1 Qf6 27. Rxb7 Qxe7 28. Rxe7 g6 29. Rxa7 Kg7 30. Rdd7 Rc2 31. h4 Re2 32. Re7 Kf6 33. Kh2 Kg7 34. Kg3 Kf6 35. Kf3 Rb2 36. g4 Rb5 37. g5+ Kg7 38. Kg4 Rb1 39. Re8 Rxf7 40. Rxf7+ Kxf7 41. Ra8 Rb3 42. Ra7+ Kf8 43. Kf3 Rb4 44. Rd7 Rb1 45. Ke4 1-0